000 00537nam a2200205Ia 4500
003 IIN
005 20240125130919.0
008 231217s9999 xx 000 0 und d
020 _cRs.2495.00
_a9780721695327
040 _aIIN
_bEnglish
082 _a613.2
_bPEC
100 1 _aPeckenpaugh, Nancy J.
245 1 _aNutrition Essentials & Diet Therapy
_cNancy J. Peckenpaugh
250 _a9th ed
260 _bSaunders
_aMissouri
_c2003
300 _axvi, 665p.
650 1 _aNutrition
650 1 _aDiet Therapy
942 _cBOOK
999 _c1490
_d1490